| 000 | 00563nam a2200133Ia 4500 | ||
|---|---|---|---|
| 008 | 231129s2015||||xx |||||||||||||| ||spa|| | ||
| 020 | _a978-958-734-160-7 | ||
| 040 | _bspa | ||
| 082 | _a333.9181886158 S456 | ||
| 245 | 0 | _aSeguimiento preventivo: entidades Sina con injerencia en el humedal Ramsar - Laguna de La Cocha | |
| 260 | _c2015 | ||
| 264 | _aBogotá Colombia : Instituto de Estudios del Ministerio Público - IEMP: Procuraduría General de la Nación Delegada para Asuntos Ambientales y Agrarios | ||
| 942 |
_2ddc _cBKS |
||
| 999 |
_c24404 _d24404 |
||